000 00724nam a2200229Ia 4500
003 OSt
005 20220927104641.0
006 a|||||r|||| 00| 0
007 ta
008 220926b |||||||| |||| 00| 0 eng d
024 _a151852
037 _cReference Collections
040 _aRTL
_cRTL
_beng
041 _2eng
_aeng
082 _a"X8195:(z).530k791, M3/UN"
110 _a"UN, Conference on Trade and Development"
245 0 _aLegal and documentary aspects of the french and Latin American Marine insurance legal regimes
260 _c1983
700 _a"UN, Conference on Trade and Development"
942 _h"X8195:(z).530k791, M3/UN"
_cCC
999 _c688177
_d688177